00816nam a2200205 a 450000100100000000500170001000800410002702000150006804000250008308200150010810000270012324000350015024501110018525000110029626000400030730000210034770000390036895201860040799900170059300003539620200930074318.0111031s1978 mx 000 0 spa d a9682301203 aDO-SdBNPbspacBNPHU axxxbF445s1 aFichant, Michel96122010aSur l︡ histoire des sciences10aSobre la historia de las ciencias /cMichel Fichant, Michel Pécheax ; traducción Delia Karsz Esquibel. a3a ed. aMéxico :bSiglo veintiuno,c1978. a157 p. ;c18 cm.1 aKarsz Esquinel, Delia,etr.961221 001050718MOaGRbGRcCTd2011-10-31iLF1l0oxxx F445sp35396-10r2020-06-25w2020-06-25y1zPerteneció a la biblioteca personal de Juan Isidro Jimenes- GrullónZNo se presta c34887d34887